Prokrastinácia v práci: alebo zamestnanec ako "zlodej času" vo firme

Čo je prokrastinácia. Negatívny vplyv prokrastinácie na produktivitu firmy a pracovný výkon a zdravie jedinca. Vnútorný konflikt jedinca. Šesť základných typov pracovníkov. Ako predísť prokrastinácii.

Guardado en:
Detalles Bibliográficos
Autor principal: Ulčin, Peter
Formato: Capítulo de libro
Lenguaje:eslovaco
Materias:
Etiquetas: Agregar Etiqueta
Sin Etiquetas, Sea el primero en etiquetar este registro!

MARC

LEADER 00000naa a2200000 4500
001 0226815
005 20230912114830.9
041 0 |a slo 
044 |a SK 
245 1 0 |a Prokrastinácia v práci: alebo zamestnanec ako "zlodej času" vo firme  |c Peter Ulčin 
520 |a Čo je prokrastinácia. Negatívny vplyv prokrastinácie na produktivitu firmy a pracovný výkon a zdravie jedinca. Vnútorný konflikt jedinca. Šesť základných typov pracovníkov. Ako predísť prokrastinácii. 
610 2 0 |a čas pracovný 
610 2 0 |a prokrastinácia 
610 2 0 |a práca 
610 2 0 |a produktivita práce 
610 2 0 |a pracovníci 
610 2 0 |a plán 
610 2 0 |a plánovanie 
100 1 |a Ulčin, Peter